|
|
|
|
| LEADER |
00000nam a2200000 a 4500 |
| 001 |
vtls010023338 |
| 003 |
SK-MaSNL |
| 005 |
20260301083334.0 |
| 008 |
240315s2004 xo d 000 0 slo |
| 020 |
|
|
|a 8088863139
|q (brož.)
|
| 040 |
|
|
|a SNK
|b slo
|c SNK
|e AACR2
|
| 041 |
1 |
|
|a slo
|h eng
|
| 044 |
|
|
|a xo
|c SK
|
| 072 |
|
7 |
|a 821-93
|x Literatúra pre deti a mládež
|2 konspekt
|
| 072 |
|
7 |
|a 821.111-3
|x Anglická próza, anglicky písaná
|2 konspekt
|
| 080 |
|
|
|a 821.111-31
|2 2001
|
| 080 |
|
|
|a 821-93
|2 2001
|
| 080 |
|
|
|a (0:82-31)
|2 2001
|
| 100 |
1 |
|
|a St. John, Patricia Mary,
|d 1919-1993
|4 aut
|9 106544
|
| 240 |
1 |
0 |
|a Treasures of the snow
|l Slovensky
|
| 245 |
1 |
0 |
|a Poklady pod snehom
|c Patricia M. St. John ; [z anglického originálu preklad Jana Hlatká a kol.]
|
| 250 |
|
|
|a 3. vyd.
|
| 260 |
|
|
|a Bratislava
|b Slovenské evanjelizačné stredisko pre masmédiá
|c 2004
|
| 300 |
|
|
|a 197 s.
|c 20 cm
|
| 655 |
|
7 |
|a anglické romány
|2 SNKPH
|9 70428
|
| 655 |
|
7 |
|a publikácie pre deti
|2 SNKPH
|9 70148
|
| 655 |
|
7 |
|a English fiction
|2 SNKPHeng
|9 109944
|
| 655 |
|
7 |
|a Children's literature
|2 SNKPHeng
|9 276039
|
| 700 |
1 |
|
|a Hlatká, Jana
|c (prekladateľka)
|4 trl
|9 193614
|
| 919 |
|
|
|a 80-88863-13-9
|
| 999 |
|
|
|c 660293
|d 662223
|
| 952 |
|
|
|a SNK
|b SNK
|y PREZ
|7 0
|p 17A0631115
|o snkSD 78636
|i snk2009/20720
|8 1
|0 0
|1 0
|4 0
|d 2009-11-20
|l 0
|r 2025-11-26 00:00:00
|w 2026-02-23
|